Richard Strauss ; a critical study of the operas /

Bibliographic Details
Main Author: Mann, William, 1924-1989
Format: Book
Language:English
Published: New York : Oxford University Press, 1966
Subjects:

MARC

Tag First Indicator Second Indicator Subfields
LEADER 00000cam a2200000 4500
001 in00000028720
005 20151007062818.0
008 730503c19661964nyuacgh 00010beng u
010 |a  66002148  
035 |a (OCoLC)00615739 
035 |9 AAD5847AM 
040 |c WSU  |d TXA  |d UtOrBLW 
049 |a TXAM  |c [458189] 
050 0 |a MT100.S84  |b M3 1966 
092 |a 782.1092  |b S912Ym 
100 1 |a Mann, William,  |d 1924-1989. 
245 1 0 |a Richard Strauss ;  |b a critical study of the operas /  |c by William Mann. 
264 1 |a New York :  |b Oxford University Press,  |c 1966 
264 4 |c [©1964] 
300 |a xiv, 402 pages :  |b illustrations, facsimiles, music, portraits ;  |c 26 cm. 
336 |a text  |b txt  |2 rdacontent 
337 |a unmediated  |b n  |2 rdamedia 
338 |a volume  |b nc  |2 rdacarrier 
600 1 0 |a Strauss, Richard,  |d 1864-1949.  |t Operas. 
999 |a MARS 
999 f f |s 4f610e41-c0c9-30f6-b1ad-056686e6683e  |i 23e17384-0398-307a-84c1-3203d7005e2f  |t 0 
952 f f |p normal  |a Texas A&M University  |b College Station  |c Sterling C. Evans Library  |d Evans: Library Stacks  |t 0  |e MT100.S84 M3 1966  |h Library of Congress classification  |i unmediated -- volume  |m A14801170910 
998 f f |a MT100.S84 M3 1966  |t 0  |l Evans: Library Stacks